Регионална библиотека "Любен Каравелов" - Русе

Пиеси (Запис номер 188013)

MARC детайли
000 -Лидер
Контролно поле с фиксирана дължина 01214nam a2200289 c 4500
003 - Код на организацията, давaща контролен номер
Контролно поле BLK
005 - Дата и час на последна редакция
Контролно поле 20230328130531.0
008 - Елементи от данни с фиксирана дължина
fixed length control field 180411b bul|||||r ||||||| ||bul||
010 ## - Наследен системен номер
LC control number KNG00197031000
040 ## - Източник на каталожния запис
Идентификатор на билиотеката - собственик на записа BLK
041 ## - Код за език
Код за езика на текст/звукозапис или на отделно заглавие Български
Код за езика КДБФ Български
080 ## - УДК
Текстов определител УДК Българска литература
УДК код - определител по УДК 821.163.2
УДК определител -2
УДК - код + определител 821.163.2-2
100 1# - Редна дума - Автор
Автор Стратиев, Станислав
Дати, свързани с автора 1941-2000
Пълна форма на името Миладинов, Станко Стратиев
R(LIN) 365396
139 ## - Редно поле
Редна дума Стратиев, Станислав
Авторски знак Стр - С 84
245 10 - Сведения за заглавието
Заглавие Пиеси
Редно поле (дума) Станислав Стратиев; * Станко Стратиев Миладинов.
257 ## - Страна на издаване
Страна на създаване/издаване България
260 ## - Област на издателските данни
-- София
Име на издателя, разпространителя и проч. Нар. младеж
Година на издаване 1984
Печатница Враца : В. Александров
300 ## - Физическа характеристика
Страници 223 с.
Размери/Мащаб 21 см
380 ## - Жанр
Жанр Худож. лит.
500 ## - Общи забележки
Забележка 1 650 тир. - Съдържа пиесите : Римска баня ; Сако от велур ; Рейс ; Максималистът
700 1# - Други автори (авторска отговорност)
Лично име Миладинов, Станко Стратиев
9 (RLIN) 424442
852 ## - Местоположение
Форматна сигнатура Цб 128655
856 4# - Електронен адрес и достъп
Електронен формат pdf - файл
Път до файла /url/
856 4# - Електронен адрес и достъп
Електронен формат pdf - файл
Път до файла /url/
942 ## - АРТИКУЛИ
Вид на библиотечния материал Книги
Скрит в OPAC Не
Koha issues (borrowed), all copies 2
944 ## - СЪЗДАВАНЕ И РЕДАКЦИЯ на ЗАПИСА
Създаване/Редакция Създаване
Дата на регистрацията/редакция 29.11.2016
Служител, извършил регистрацията/редакцията Севдалина_Василева
944 ## - СЪЗДАВАНЕ И РЕДАКЦИЯ на ЗАПИСА
Създаване/Редакция Редакция
Дата на регистрацията/редакция 30.11.2016
Служител, извършил регистрацията/редакцията Севдалина_Василева
999 ## - СИСТЕМНИ КОНТРОЛНИ НОМЕРА
Koha biblionumber 188013
Koha biblioitemnumber 188013
Наличности
Код за отписване Код за изгубен артикул Източник на класификационната схема Код за повреда Коз за рестрикции Код за отдаване Артикулен № Име на библиотеката - собственик Име на библиотеката, в която се намира в момента Статус (Текущо местоположение) Дата на вписване в системата Местоположение - отдел Цена в лева Инвентарен номер Систематично азбучна сигнатура Баркод Номер на екземпляра Цена в евро Служебна бележка Служебен тип на артикула
  Не е изгубен Universal Decimal Classification Не е повреден без рестрикции ползва се в читалня 328981 Регионална библиотека "Любен Каравелов" Русе Регионална библиотека "Любен Каравелов" Русе Хранилище 1984-01-01 Хранилище 2.26 411267 Цб 128655 900000012208 1 1.16 Дост: Dp Вид: Д N: стар фонд Дата: 01.01.1984 Книги
Изтеглен Не е изгубен Universal Decimal Classification Не е повреден без рестрикции заемане за дома 328982 Регионална библиотека "Любен Каравелов" Русе Регионална библиотека "Любен Каравелов" Русе Заемна - подръчен фонд 1984-01-01 Заемна - подръчен фонд 2.26 412466 П 886.7-2/С 84 120000412466 2 1.16 Дост: Pk Вид: Ф N: стар фонд Дата: 01.01.1984 Дата инв: 14.02.2018 Бележки инв: П2018 Книги
Vip Innovations Ltd, Rousse, Bulgaria 2025